[Event "CAMPEONATO DE ESPAÑA ABSOLUTO"]
[Site "EL SAUZAL - TENERIFE - ISLAS CANARIAS"]
[Date "2010.09.06"]
[Round "3"]
[Board "31"]
[White "Zamarbide Inarrea, Daniel"]
[Black "Garcia Rodriguez, Sara"]
[Result "1-0"]
[WhiteElo "2197"]
[BlackElo "1869"]
[PlyCount "59"]
[EventDate "2010.09.04"]
[EventRounds "9"]
[EventCountry "ESP"]

1.e4 c5 2.Nf3 d6 3.d4 cxd4 4.Qxd4 Nc6 5.Bb5 Bd7 6.Bxc6 Bxc6 7.Nc3 Nf6 8.Bg5 Nd7
9.O-O Qb6 10.Qd2 Qxb2 11.Rab1 Qa3 12.Nd5 Rc8 13.Nd4 g6 14.Rfe1 Nc5 15.c4 Qd3
16.Qb2 Bg7 17.e5 Bxd5 18.cxd5 Bxe5 19.Rbd1 Qc4 20.f4 f6 21.fxe5 dxe5 22.Nf3 Nd3
23.Rxd3 Qxd3 24.Qxb7 Rd8 25.Qc6+ Rd7 26.Bxf6 Rf8 27.Nxe5 Qxd5 28.Qxd7+ Qxd7
29.Nxd7 Kxd7 30.Rxe7+ 1-0

[Event "CAMPEONATO DE ESPAÑA ABSOLUTO"]
[Site "EL SAUZAL - TENERIFE - ISLAS CANARIAS"]
[Date "2010.09.06"]
[Round "3"]
[Board "32"]
[White "Herrera Reyes, Jose Antonio"]
[Black "Bernad Millan, Ignacio"]
[Result "1/2-1/2"]
[WhiteElo "2145"]
[BlackElo "1854"]
[PlyCount "87"]
[EventDate "2010.09.04"]
[EventRounds "9"]
[EventCountry "ESP"]

1.e4 c6 2.Nf3 d5 3.exd5 cxd5 4.c4 Nf6 5.cxd5 Nxd5 6.Nc3 Nxc3 7.bxc3 g6 8.d4 Bg7
9.Bd3 O-O 10.O-O Qc7 11.Ba3 Rd8 12.Rc1 Nc6 13.Re1 Bg4 14.h3 Bxf3 15.Qxf3 e6
16.Rc2 Rac8 17.Bc1 b5 18.Bg5 Rd7 19.Bxb5 Rd5 20.Bxc6 Qxc6 21.Be3 Bxd4 22.cxd4
Qxc2 23.Rc1 Qxc1+ 24.Bxc1 Rxc1+ 25.Kh2 Rc4 26.Qb3 Rdxd4 27.Qb8+ Kg7 28.Qxa7 Ra4
29.Qc5 h5 30.Qc3 Kg8 31.a3 Rd8 32.f3 Rda8 33.Qf6 Rxa3 34.Kg3 Ra2 35.Qd4 R8a4
36.Qd8+ Kg7 37.h4 Re2 38.Qc7 Raa2 39.Qc3+ e5 40.Kh3 Rac2 41.Qa1 Rb2 42.Qa5 Ra2
43.Qc3 Rac2 44.Qa1 1/2-1/2

[Event "CAMPEONATO DE ESPAÑA ABSOLUTO"]
[Site "EL SAUZAL - TENERIFE - ISLAS CANARIAS"]
[Date "2010.09.06"]
[Round "3"]
[Board "33"]
[White "Fernandez Molina, Victor Manuel"]
[Black "Saenz Narciso, Miguel Angel"]
[Result "0-1"]
[WhiteElo "1913"]
[BlackElo "2143"]
[PlyCount "108"]
[EventDate "2010.09.04"]
[EventRounds "9"]
[EventCountry "ESP"]

1.Nf3 g6 2.c4 Bg7 3.Nc3 e5 4.g3 f5 5.d3 d6 6.Bg2 Nf6 7.Bd2 c6 8.Rb1 O-O 9.Qc1 e4
10.dxe4 fxe4 11.Nd4 Ng4 12.Be3 Nxe3 13.Qxe3 d5 14.cxd5 cxd5 15.Rd1 Nc6 16.Nxc6
bxc6 17.Qc5 Qb6 18.Qxb6 axb6 19.Rd2 Ba6 20.O-O Bc4 21.Rc1 e3 22.fxe3 Bh6 23.Nd1
Rxa2 24.Bf3 Rf6 25.Kf2 Ra7 26.h4 g5 27.hxg5 Bxg5 28.Rc3 Re7 29.b3 Bb5 30.Rd4 Kf7
31.Kg2 Rfe6 32.Rb4 Re5 33.Nf2 Rxe3 34.Rxe3 Rxe3 35.Ng4 Re7 36.Bxd5+ Kg7 37.Bf3
Bd2 38.Rd4 Bc3 39.Rd6 Bb4 40.Rh6 Bc5 41.e4 Bd3 42.e5 Bg6 43.Bxc6 Bf5 44.Rh4 Rc7
45.Bb5 Be7 46.Nf6 Rc2+ 47.Kf1 Rc5 48.Bd7 Rxe5 49.Ne8+ Kh8 50.Rd4 Bc5 51.Bxf5
Bxd4 52.Bd7 Re7 53.Bb5 Be5 54.Kg2 Kg8 0-1

[Event "CAMPEONATO DE ESPAÑA ABSOLUTO"]
[Site "EL SAUZAL - TENERIFE - ISLAS CANARIAS"]
[Date "2010.09.06"]
[Round "3"]
[Board "34"]
[White "Camino Carrio, Nicanor"]
[Black "Perez Celis, Alba"]
[Result "1-0"]
[WhiteElo "2137"]
[BlackElo "1819"]
[PlyCount "81"]
[EventDate "2010.09.04"]
[EventRounds "9"]
[EventCountry "ESP"]

1.e4 e5 2.Nf3 Nc6 3.Bb5 a6 4.Ba4 Nf6 5.d3 d6 6.c3 b5 7.Bc2 Be7 8.O-O O-O 9.a4
Bb7 10.Re1 Re8 11.Nbd2 Bf8 12.Nf1 Nb8 13.Ng3 g6 14.h4 h5 15.Bg5 Nbd7 16.d4 c5
17.d5 c4 18.Nh2 Qc7 19.Rf1 Nh7 20.Be3 Qd8 21.Nxh5 gxh5 22.Qxh5 Qf6 23.Qg4+ Qg7
24.Qxd7 Bc8 25.Qc6 Bh3 26.g3 Rec8 27.Qb6 Rcb8 28.Qc7 Rc8 29.Qa5 Be7 30.Rfe1 Bxh4
31.Kh1 Kh8 32.Rg1 Be7 33.axb5 axb5 34.Qxb5 Rab8 35.Qa6 Nf6 36.Qa7 Re8 37.Ba4 Qh7
38.f3 Nxe4 39.Bxe8 Rxb2 40.Qxe7 Bg4 41.Qf8+ 1-0

[Event "CAMPEONATO DE ESPAÑA ABSOLUTO"]
[Site "EL SAUZAL - TENERIFE - ISLAS CANARIAS"]
[Date "2010.09.06"]
[Round "3"]
[Board "35"]
[White "Orti Boix, Miquel Lluis"]
[Black "Hernandez Leon, Sergio"]
[Result "0-1"]
[WhiteElo "1889"]
[BlackElo "2133"]
[PlyCount "70"]
[EventDate "2010.09.04"]
[EventRounds "9"]
[EventCountry "ESP"]

1.e4 c5 2.c3 e6 3.d4 d5 4.e5 Nc6 5.Nf3 Qb6 6.a3 Nh6 7.b4 cxd4 8.cxd4 Nf5 9.Bb2
Be7 10.Bd3 Bd7 11.Bxf5 exf5 12.O-O O-O 13.Nc3 Be6 14.Na4 Qd8 15.Rc1 Rc8 16.Nc5
b6 17.Nxe6 fxe6 18.Qa4 Qd7 19.Qb3 g5 20.Ne1 g4 21.Rc2 f4 22.h3 h5 23.Qd3 Rf5
24.Qc3 Bd8 25.Qd3 Ne7 26.Rxc8 Qxc8 27.hxg4 hxg4 28.Qb5 Kf7 29.Nd3 Qc4 30.Qd7
Qxd3 31.Qxd8 Rh5 32.Qc7 f3 33.Qc1 Qh7 34.Qf4+ Nf5 35.gxf3 Rh1+ 0-1

[Event "CAMPEONATO DE ESPAÑA ABSOLUTO"]
[Site "EL SAUZAL - TENERIFE - ISLAS CANARIAS"]
[Date "2010.09.06"]
[Round "3"]
[Board "36"]
[White "Hidalgo Santana, Fernando"]
[Black "Perez Castellano, Susana"]
[Result "1-0"]
[WhiteElo "2127"]
[BlackElo "1799"]
[PlyCount "69"]
[EventDate "2010.09.04"]
[EventRounds "9"]
[EventCountry "ESP"]

1.c4 Nf6 2.g3 g6 3.Bg2 Bg7 4.Nc3 O-O 5.e4 d6 6.Nge2 e5 7.O-O b6 8.d3 Bb7 9.f4 a5
10.h3 Nbd7 11.Be3 c6 12.g4 Ne8 13.f5 Nc7 14.g5 Re8 15.a3 Na6 16.Rb1 Bf8 17.b4
axb4 18.axb4 Nxb4 19.fxg6 hxg6 20.Rxb4 d5 21.exd5 Bxb4 22.dxc6 Bc5 23.Bxc5 Nxc5
24.cxb7 Rb8 25.Nd5 Re6 26.d4 Nxb7 27.Nf6+ Kg7 28.Bd5 Re7 29.Ng4 Rc7 30.Qd2 Nd6
31.Nxe5 Qc8 32.Qf4 Nf5 33.Ng3 Nxg3 34.Qxg3 Qf8 35.Nxf7 1-0

[Event "CAMPEONATO DE ESPAÑA ABSOLUTO"]
[Site "EL SAUZAL - TENERIFE - ISLAS CANARIAS"]
[Date "2010.09.06"]
[Round "3"]
[Board "37"]
[White "Marrero Lopez, Agustin"]
[Black "Fernandez Losada, Daniel"]
[Result "0-1"]
[WhiteElo "1859"]
[BlackElo "2126"]
[PlyCount "105"]
[EventDate "2010.09.04"]
[EventRounds "9"]
[EventCountry "ESP"]

1.d4 Nf6 2.Nf3 g6 3.b3 Bg7 4.Bb2 d5 5.c4 c6 6.e3 O-O 7.Be2 Bf5 8.Nc3 Nbd7 9.O-O
Rc8 10.Rc1 a6 11.Nh4 Be6 12.c5 Ne4 13.f4 Qa5 14.Nxe4 dxe4 15.a3 Nf6 16.Qc2 Bh6
17.g3 b5 18.Ng2 Qd8 19.Qd1 Qd7 20.Qc2 Ra8 21.Ra1 Ra7 22.Bc3 Bd5 23.b4 Qh3 24.Qd1
Be6 25.Bd2 Rd8 26.Rf2 Bg4 27.Qf1 Qh5 28.Nh4 Bg7 29.h3 Bxe2 30.Rxe2 Qd5 31.Be1
Qb3 32.g4 Nd5 33.Ng2 a5 34.Qf2 axb4 35.Rb2 Qd3 36.Bxb4 Nxb4 37.Rxb4 Rxa3 38.Rab1
Rda8 39.Qe1 Ra2 40.R4b3 Qc2 41.Qf1 R8a4 42.Kh2 Rc4 43.Kg3 Qd2 44.Rd1 Qa5 45.g5
h6 46.h4 h5 47.Rc1 Rxg2+ 48.Qxg2 Rxc1 49.Qxe4 Rg1+ 50.Kh3 Qe1 51.Qf3 Rg4 52.Qxg4
hxg4+ 53.Kxg4 0-1

[Event "CAMPEONATO DE ESPAÑA ABSOLUTO"]
[Site "EL SAUZAL - TENERIFE - ISLAS CANARIAS"]
[Date "2010.09.06"]
[Round "3"]
[Board "38"]
[White "Gonzalez Cruz, Steven"]
[Black "Perez Aleman, Pedro Tomas"]
[Result "1-0"]
[WhiteElo "1831"]
[BlackElo "2111"]
[PlyCount "75"]
[EventDate "2010.09.04"]
[EventRounds "9"]
[EventCountry "ESP"]

1.e4 e5 2.Nf3 Nc6 3.d4 exd4 4.Nxd4 Bc5 5.Be3 Qf6 6.c3 Nge7 7.Be2 d6 8.O-O Qg6
9.Bh5 Qf6 10.Nb5 O-O 11.Nxc7 Rb8 12.Qe2 g6 13.Bf3 Ne5 14.Nd2 h5 15.Rad1 Kg7
16.Rfe1 Bg4 17.Bxc5 dxc5 18.h3 Qh4 19.Qe3 Rbc8 20.Nb5 Rcd8 21.hxg4 hxg4 22.g3
Qh5 23.Bg2 Rd3 24.Qe2 Rh8 25.Kf1 a6 26.Nc7 c4 27.Nxc4 Rxd1 28.Rxd1 Nf3 29.Qe3
Qh2 30.Bxf3 gxf3 31.Qxf3 Nc6 32.Nd5 f5 33.exf5 gxf5 34.Nce3 Ne5 35.Qxf5 Qh1+
36.Ke2 Qh5+ 37.Qxh5 Rxh5 38.Rd4 1-0

[Event "CAMPEONATO DE ESPAÑA ABSOLUTO"]
[Site "EL SAUZAL - TENERIFE - ISLAS CANARIAS"]
[Date "2010.09.06"]
[Round "3"]
[Board "40"]
[White "Perez Barreto, Adrian"]
[Black "Lopez Pereyra, Antonio"]
[Result "1-0"]
[WhiteElo "1718"]
[BlackElo "2079"]
[PlyCount "81"]
[EventDate "2010.09.04"]
[EventRounds "9"]
[EventCountry "ESP"]

1.d4 e6 2.c4 f5 3.Nc3 Nf6 4.g3 Be7 5.Bg2 O-O 6.Nf3 d6 7.O-O Qe8 8.Re1 Qg6 9.Qb3
Ne4 10.Nxe4 fxe4 11.Nd2 Qf7 12.Rf1 d5 13.Nb1 Nc6 14.e3 Na5 15.Qc2 b6 16.f3 Ba6
17.fxe4 Qh5 18.Rxf8+ Rxf8 19.cxd5 exd5 20.exd5 Qf7 21.Nc3 Bd3 22.Qd2 Nc4 23.Qe1
Bb4 24.a3 Bd6 25.e4 Na5 26.e5 Nb3 27.exd6 Nxa1 28.dxc7 Qxc7 29.Bf4 Qc4 30.Qxa1
Qxd4+ 31.Kh1 g5 32.Bxg5 Qf2 33.d6 Qd4 34.Qd1 Kg7 35.Bf4 Re8 36.Bc6 Re2 37.Qc1
Qf2 38.Nxe2 Bxe2 39.Be5+ Kg6 40.Be8+ Kf5 41.Qf4+ 1-0

[Event "CAMPEONATO DE ESPAÑA ABSOLUTO"]
[Site "EL SAUZAL - TENERIFE - ISLAS CANARIAS"]
[Date "2010.09.06"]
[Round "3"]
[Board "42"]
[White "Garza Marco, Sergio"]
[Black "Marrero Cardenes, Agustin"]
[Result "1-0"]
[WhiteElo "2439"]
[BlackElo "1787"]
[PlyCount "75"]
[EventDate "2010.09.04"]
[EventRounds "9"]
[EventCountry "ESP"]

1.d4 d5 2.c4 c6 3.Nf3 Nf6 4.Nc3 g6 5.e3 Bg7 6.Bd3 O-O 7.O-O Nbd7 8.cxd5 cxd5
9.Qb3 e6 10.Bd2 Qb6 11.Rfc1 Qxb3 12.axb3 Nb6 13.Nb5 a6 14.Bb4 Rd8 15.Nc7 Rb8
16.Bc5 Nbd7 17.Ba7 Ne4 18.Bxe4 dxe4 19.Ng5 b5 20.Bxb8 Nxb8 21.Nxe4 e5 22.d5 Bb7
23.Nc5 Bxd5 24.Rd1 Rc8 25.Rxd5 Rxc7 26.Rd8+ Bf8 27.Ne4 Nc6 28.Nf6+ Kg7 29.Ne8+
Kg8 30.Nxc7 Nxd8 31.Rxa6 b4 32.Rb6 Ne6 33.Nxe6 fxe6 34.Rxe6 Bg7 35.Rb6 Bf8
36.Rb5 Bd6 37.Rd5 Bc7 38.Rd7 1-0

[Event "CAMPEONATO DE ESPAÑA ABSOLUTO"]
[Site "EL SAUZAL - TENERIFE - ISLAS CANARIAS"]
[Date "2010.09.06"]
[Round "3"]
[Board "43"]
[White "Padilla Mendez, Vicente"]
[Black "Fernandez Siles, Luis"]
[Result "0-1"]
[WhiteElo "1792"]
[BlackElo "2341"]
[PlyCount "58"]
[EventDate "2010.09.04"]
[EventRounds "9"]
[EventCountry "ESP"]

1.d4 Nf6 2.c4 g6 3.Nc3 Bg7 4.e4 d6 5.Nf3 O-O 6.Be2 Nbd7 7.O-O e5 8.dxe5 dxe5
9.Bg5 h6 10.Be3 c6 11.Qc2 Qe7 12.Rad1 Nc5 13.b4 Ne6 14.c5 Ng4 15.Bc1 Nd4 16.Nxd4
exd4 17.Na4 Qh4 18.h3 Ne5 19.f4 Bxh3 20.gxh3 Qg3+ 21.Kh1 Qxh3+ 22.Kg1 d3 23.Rxd3
Nxd3 24.Qxd3 Qh4 25.Bb2 Bxb2 26.Nxb2 a5 27.Qb3 axb4 28.Nc4 Rfd8 29.Nb6 Ra3 0-1

[Event "CAMPEONATO DE ESPAÑA ABSOLUTO"]
[Site "EL SAUZAL - TENERIFE - ISLAS CANARIAS"]
[Date "2010.09.06"]
[Round "3"]
[Board "44"]
[White "Perez Gutierrez, Nauzet"]
[Black "Abreu Suarez, Isauro"]
[Result "1-0"]
[WhiteElo "2007"]
[BlackElo "2068"]
[PlyCount "79"]
[EventDate "2010.09.04"]
[EventRounds "9"]
[EventCountry "ESP"]

1.e4 Nf6 2.e5 Nd5 3.d4 d6 4.c4 Nb6 5.exd6 cxd6 6.Nc3 g6 7.Be3 Bg7 8.Rc1 O-O 9.b3
Nc6 10.d5 Ne5 11.Be2 f5 12.f4 Ng4 13.Bxg4 fxg4 14.Nge2 e5 15.dxe6 Bxe6 16.O-O
Qd7 17.Bd4 Rad8 18.Bxg7 Qxg7 19.Nd4 Bf5 20.Qd2 Rfe8 21.Ndb5 Nc8 22.Rfe1 Rxe1+
23.Rxe1 a6 24.Nd4 Ne7 25.Qe3 Kf8 26.g3 Qf7 27.Ne4 h6 28.Re2 Bc8 29.Nc3 d5 30.f5
Bxf5 31.Qxh6+ Kg8 32.Qg5 Re8 33.cxd5 Nxd5 34.Nxf5 Rxe2 35.Nh6+ Kg7 36.Nxf7 Nxc3
37.Qxg4 Rxa2 38.Qd4+ Kxf7 39.Qxc3 b5 40.b4 1-0

[Event "CAMPEONATO DE ESPAÑA ABSOLUTO"]
[Site "EL SAUZAL - TENERIFE - ISLAS CANARIAS"]
[Date "2010.09.06"]
[Round "3"]
[Board "45"]
[White "Molina Rodriguez, Borja"]
[Black "Jimenez Mendoza, Jose Miguel"]
[Result "1-0"]
[WhiteElo "2058"]
[BlackElo "1717"]
[PlyCount "131"]
[EventDate "2010.09.04"]
[EventRounds "9"]
[EventCountry "ESP"]

1.e4 e5 2.Nf3 Nc6 3.Bc4 Bc5 4.c3 Nf6 5.d3 O-O 6.O-O d6 7.Bb3 a6 8.Re1 Re8 9.h3
Be6 10.Bxe6 Rxe6 11.d4 exd4 12.cxd4 Bb4 13.d5 Bxe1 14.dxe6 Bxf2+ 15.Kxf2 fxe6
16.Nc3 Qd7 17.Bg5 Rf8 18.Kg1 Qf7 19.Bxf6 Qxf6 20.Qd2 Qg6 21.Qg5 Qe8 22.Re1 h6
23.Qg3 Nb4 24.Nh2 Qc6 25.Ng4 Nc2 26.Rc1 Nd4 27.Nxh6+ Kh7 28.Ng4 Qb6 29.Kh2 Qxb2
30.Rb1 Qd2 31.Rd1 Nf3+ 32.Qxf3 Rxf3 33.Rxd2 Rxc3 34.Kg1 Kg6 35.Kf2 Kg5 36.g3 b5
37.Ne3 b4 38.Nd1 Rc4 39.Ke3 a5 40.Rb2 Rc1 41.Kd2 Rc4 42.Kd3 Rc1 43.Ne3 Rc3+
44.Kd2 c5 45.Rc2 Rxc2+ 46.Kxc2 a4 47.Nc4 d5 48.exd5 exd5 49.Nb6 b3+ 50.axb3
axb3+ 51.Kxb3 d4 52.Kc4 Kf5 53.Kd3 Ke5 54.Nc4+ Ke6 55.Ke4 g6 56.Nd2 g5 57.Nf3 g4
58.hxg4 Kf6 59.Kf4 d3 60.Nd2 Kg6 61.g5 Kg7 62.Kf5 Kf7 63.g6+ Kg7 64.Nc4 Kg8
65.Kf6 Kf8 66.Nd2 1-0

[Event "CAMPEONATO DE ESPAÑA ABSOLUTO"]
[Site "EL SAUZAL - TENERIFE - ISLAS CANARIAS"]
[Date "2010.09.06"]
[Round "3"]
[Board "46"]
[White "Rodriguez Ferraz, Borja"]
[Black "Gonzalez Garcia, Zoilo"]
[Result "1-0"]
[WhiteElo "2079"]
[BlackElo "1572"]
[PlyCount "74"]
[EventDate "2010.09.04"]
[EventRounds "9"]
[EventCountry "ESP"]

1.d4 Nf6 2.c4 g6 3.Nc3 Bg7 4.e4 d6 5.Nf3 O-O 6.Be2 e5 7.O-O Nc6 8.d5 Ne7 9.b4
Ne8 10.Nd2 f5 11.f3 f4 12.c5 g5 13.Nc4 Ng6 14.Ba3 Rf7 15.Qb3 h5 16.Rfb1 g4 17.b5
Bf8 18.cxd6 Bxd6 19.Bxd6 Nxd6 20.a4 Qh4 21.Ra2 Qg5 22.Nd2 Nh4 23.Qd1 gxf3
24.Bxf3 Nxg2 25.Bxg2 f3 26.Nxf3 Qe3+ 27.Kh1 Qxc3 28.Rb3 Qc4 29.Nxe5 Bg4 30.Qxg4+
hxg4 31.Nxc4 Nxc4 32.Rc2 Nd6 33.e5 Nf5 34.e6 Rf6 35.Rxc7 Nd4 36.Rd3 Nxe6 37.dxe6
Rxe6 1-0

[Event "CAMPEONATO DE ESPAÑA ABSOLUTO"]
[Site "EL SAUZAL - TENERIFE - ISLAS CANARIAS"]
[Date "2010.09.06"]
[Round "3"]
[Board "47"]
[White "Quiza Vazquez, Carolina"]
[Black "Galvan Sarmiento, Jose Luis"]
[Result "0-1"]
[WhiteElo "1567"]
[BlackElo "2008"]
[PlyCount "72"]
[EventDate "2010.09.04"]
[EventRounds "9"]
[EventCountry "ESP"]

1.d4 d5 2.c4 e6 3.Nc3 Nf6 4.Nf3 c6 5.a3 Be7 6.Qc2 Nbd7 7.g4 h6 8.Bd2 Nb6 9.Ne5
Nfd7 10.Nxd7 Bxd7 11.c5 Nc8 12.h3 Bf6 13.O-O-O e5 14.dxe5 Bxe5 15.f4 Bc7 16.e4
Ne7 17.exd5 cxd5 18.Be3 Bc6 19.Bg2 Qd7 20.Rhf1 O-O-O 21.Bd4 f6 22.g5 Rhf8
23.gxf6 gxf6 24.Qh7 Nf5 25.Qxd7+ Rxd7 26.b4 b5 27.cxb6 axb6 28.b5 Bb7 29.Na4 Rg8
30.Rf2 Rd6 31.Rc2 Kb8 32.Rcd2 Re6 33.Rf2 Rg3 34.Bf1 Re4 35.Rfd2 Bxf4 36.Bxf6
Rxa4 0-1

[Event "CAMPEONATO DE ESPAÑA ABSOLUTO"]
[Site "EL SAUZAL - TENERIFE - ISLAS CANARIAS"]
[Date "2010.09.06"]
[Round "3"]
[Board "48"]
[White "Rodriguez Jorge, David"]
[Black "Rodriguez Govea, Alejandro Jose"]
[Result "1-0"]
[WhiteElo "1940"]
[BlackElo "1504"]
[PlyCount "95"]
[EventDate "2010.09.04"]
[EventRounds "9"]
[EventCountry "ESP"]

1.e4 c5 2.Nf3 Nc6 3.c4 e6 4.Nc3 g6 5.d4 cxd4 6.Nxd4 Bg7 7.Be3 Nge7 8.Be2 a6
9.Qd2 Qc7 10.f3 O-O 11.O-O d6 12.Rfd1 Rd8 13.Rac1 Ne5 14.Bf1 N7c6 15.b3 b6
16.Qf2 Rb8 17.Na4 Nd7 18.a3 Nc5 19.Nxc6 Qxc6 20.Nxc5 bxc5 21.Rb1 Bb7 22.Rd3 Rd7
23.Rbd1 Rc8 24.Bf4 Bd4 25.Be3 e5 26.g3 f5 27.Bh3 Rf8 28.Bxd4 cxd4 29.Re1 Qc5
30.Qa2 Rc7 31.Bg2 a5 32.a4 Bc6 33.Bf1 h5 34.Qd2 Rcf7 35.Qg5 Kh7 36.Bg2 Bb7 37.h3
Qc7 38.g4 fxe4 39.gxh5 gxh5 40.Qxh5+ Kg8 41.fxe4 Rg7 42.Qh4 Rf4 43.Qh5 Rxg2+
44.Kxg2 Qg7+ 45.Rg3 Bxe4+ 46.Rxe4 Qxg3+ 47.Kxg3 Rxe4 48.Qg6+ 1-0

[Event "CAMPEONATO DE ESPAÑA ABSOLUTO"]
[Site "EL SAUZAL - TENERIFE - ISLAS CANARIAS"]
[Date "2010.09.06"]
[Round "3"]
[Board "49"]
[White "Darias Darias, Luis"]
[Black "Febles Dominguez, Alfonso Jesus"]
[Result "1-0"]
[WhiteElo "1877"]
[BlackElo "1488"]
[PlyCount "65"]
[EventDate "2010.09.04"]
[EventRounds "9"]
[EventCountry "ESP"]

1.e4 e5 2.f4 d5 3.Nf3 exf4 4.e5 Be6 5.d4 g5 6.h4 g4 7.Ng5 Be7 8.Bxf4 h6 9.Nxe6
Bxh4+ 10.g3 fxe6 11.Rxh4 h5 12.Bd3 Ne7 13.Qxg4 Nbc6 14.Qxe6 Rg8 15.c3 Qd7 16.Bf5
O-O-O 17.Qxd7+ Rxd7 18.Bxd7+ Kxd7 19.Rxh5 Ng6 20.Rg5 Nce7 21.Nd2 b5 22.Nb3 Rh8
23.Nc5+ Kc8 24.O-O-O a5 25.e6 b4 26.cxb4 axb4 27.Na6 Nxf4 28.gxf4 Nc6 29.Rg7 Kb7
30.Rxc7+ Kxa6 31.Rxc6+ Kb5 32.Rc5+ Kb6 33.f5 1-0

[Event "CAMPEONATO DE ESPAÑA ABSOLUTO"]
[Site "EL SAUZAL - TENERIFE - ISLAS CANARIAS"]
[Date "2010.09.06"]
[Round "3"]
[Board "50"]
[White "Ramirez Medina, Victor"]
[Black "Abreu Perez, Abigail"]
[Result "1-0"]
[WhiteElo "1816"]
[BlackElo "1395"]
[PlyCount "63"]
[EventDate "2010.09.04"]
[EventRounds "9"]
[EventCountry "ESP"]

1.e4 c5 2.Nf3 Nc6 3.d4 cxd4 4.Nxd4 Qb6 5.Nb3 e6 6.Be3 Qc7 7.Nc3 a6 8.Be2 Bd6
9.Qd2 Bxh2 10.g3 Bxg3 11.fxg3 Qxg3+ 12.Bf2 Qe5 13.O-O-O Nf6 14.Rdg1 g6 15.Bg3
Nxe4 16.Bxe5 Nxd2 17.Bxh8 Nxb3+ 18.axb3 h5 19.Bf6 d5 20.Na4 b5 21.Nc5 Ne7 22.Rg5
Ng8 23.Bd4 Ne7 24.Bxh5 gxh5 25.Bf6 Ng6 26.Rgxh5 Nf8 27.Rh8 Bd7 28.Nxd7 Kxd7
29.Rg8 Re8 30.Rhh8 Kd6 31.Rxf8 Rxf8 32.Rxf8 1-0

[Event "CAMPEONATO DE ESPAÑA ABSOLUTO"]
[Site "EL SAUZAL - TENERIFE - ISLAS CANARIAS"]
[Date "2010.09.06"]
[Round "3"]
[Board "51"]
[White "Monzon Aleman, Ayoze"]
[Black "Granja Fuentes, Jorge"]
[Result "1/2-1/2"]
[WhiteElo "1750"]
[BlackElo "1826"]
[PlyCount "114"]
[EventDate "2010.09.04"]
[EventRounds "9"]
[EventCountry "ESP"]

1.e4 c5 2.Nf3 Nc6 3.d4 cxd4 4.Nxd4 e5 5.Nf3 Nf6 6.Bg5 h6 7.Bxf6 Qxf6 8.a3 Bc5
9.Bd3 O-O 10.O-O Ne7 11.Nc3 d6 12.Qd2 Qg6 13.Kh1 f5 14.Rad1 fxe4 15.Nxe4 Bf5
16.Nxc5 dxc5 17.Nxe5 Qf6 18.Rfe1 Rad8 19.Qe2 Bxd3 20.Nxd3 c4 21.Qxe7 cxd3
22.cxd3 Qxb2 23.Re2 Qb3 24.Qe6+ Qxe6 25.Rxe6 Rxf2 26.d4 Kf7 27.Re3 Re8 28.Rxe8
Kxe8 29.Kg1 Ra2 30.Rd3 Kd7 31.h3 Kd6 32.Kh2 Kd5 33.h4 Re2 34.Kg3 Re4 35.Rc3 Re7
36.Rd3 Kc4 37.Rd1 b5 38.d5 a5 39.Kf4 Kb3 40.d6 Re8 41.d7 Rd8 42.Rd3+ Kc4 43.Ke4
b4 44.axb4 axb4 45.Rd4+ Kc5 46.Ke5 b3 47.Rd2 b2 48.Rxb2 Rxd7 49.Rc2+ Kb6 50.Kf5
Rd6 51.Re2 Rf6+ 52.Ke5 Kc7 53.Rd2 Rg6 54.Kf4 Rf6+ 55.Kg4 g6 56.h5 g5 57.Rd5 Rf4+
 1/2-1/2

[Event "CAMPEONATO DE ESPAÑA ABSOLUTO"]
[Site "EL SAUZAL - TENERIFE - ISLAS CANARIAS"]
[Date "2010.09.06"]
[Round "3"]
[Board "56"]
[White "Garcia Lorenzo, Jaime"]
[Black "De La Rubia Ramirez, Dulce N"]
[Result "0-1"]
[WhiteElo "1319"]
[BlackElo "1774"]
[PlyCount "68"]
[EventDate "2010.09.04"]
[EventRounds "9"]
[EventCountry "ESP"]

1.d4 Nf6 2.c4 g6 3.Nc3 Bg7 4.e4 d6 5.Bd3 O-O 6.Nge2 Nc6 7.a3 e5 8.d5 Ne7 9.Bg5
h6 10.Be3 Ng4 11.Qd2 f5 12.f4 exf4 13.Bxf4 g5 14.Bg3 f4 15.Nxf4 gxf4 16.Bxf4 Ng6
17.Bg3 Be5 18.Ne2 Bxg3+ 19.hxg3 Qg5 20.Qxg5 hxg5 21.e5 N6xe5 22.Bh7+ Kg7 23.b3
Rh8 24.Ng1 Rxh7 25.Nh3 Bd7 26.Kd2 Rf8 27.Raf1 Rxf1 28.Rxf1 Kg6 29.b4 Nxc4+
30.Kc3 Nge3 31.Rh1 Bxh3 32.gxh3 Nxa3 33.h4 Nxd5+ 34.Kb3 Nb5 0-1

[Event "CAMPEONATO DE ESPAÑA ABSOLUTO"]
[Site "EL SAUZAL - TENERIFE - ISLAS CANARIAS"]
[Date "2010.09.06"]
[Round "3"]
[Board "57"]
[White "Korneev, Svyatoslav"]
[Black "Dos-Reis Cabrera, Jose Manuel"]
[Result "1-0"]
[WhiteElo "1787"]
[BlackElo "1360"]
[PlyCount "53"]
[EventDate "2010.09.04"]
[EventRounds "9"]
[EventCountry "ESP"]

1.e4 e5 2.Nf3 d6 3.d4 Be7 4.dxe5 dxe5 5.Qxd8+ Bxd8 6.Nxe5 Nf6 7.Nc3 O-O 8.Bc4
Be6 9.Bxe6 fxe6 10.Be3 Nbd7 11.Nxd7 Nxd7 12.f4 Bh4+ 13.g3 Be7 14.O-O-O Nb6
15.Nb5 Rfc8 16.Nd4 Nc4 17.Bf2 Bc5 18.Rhf1 e5 19.Nf5 Bf8 20.Rd7 Nb6 21.Ne7+ Bxe7
22.Rxe7 Nc4 23.Rd1 Kf8 24.Rdd7 Nd6 25.Rxg7 exf4 26.Rxh7 Re8 27.Rh8# 1-0

[Event "CAMPEONATO DE ESPAÑA ABSOLUTO"]
[Site "EL SAUZAL - TENERIFE - ISLAS CANARIAS"]
[Date "2010.09.07"]
[Round "4"]
[Board "2"]
[White "Illescas Cordoba, Miguel"]
[Black "Alonso Rosell, Alvar"]
[Result "0-1"]
[WhiteElo "2591"]
[BlackElo "2485"]
[PlyCount "116"]
[EventDate "2010.09.04"]
[EventRounds "9"]
[EventCountry "ESP"]

1.d4 d5 2.c4 dxc4 3.Nf3 c5 4.d5 Nf6 5.Nc3 e6 6.e4 exd5 7.e5 Ne4 8.Nxd5 b5 9.b3
Nc6 10.bxc4 Be6 11.Qc2 bxc4 12.Ne3 Qa5+ 13.Nd2 Nxd2 14.Bxd2 Qc7 15.Bxc4 Be7
16.f4 O-O 17.O-O Rad8 18.Rad1 Rd4 19.Bd3 h6 20.Bc3 Nb4 21.Bxb4 Rxb4 22.Bc4 Qc6
23.Nd5 Bxd5 24.Bxd5 Qb5 25.Qf5 c4 26.Kh1 c3 27.e6 Rd4 28.exf7+ Kh8 29.Rfe1 Rd2
30.h4 Qc5 31.Qh5 Qf2 32.Rxe7 Rxd1+ 33.Qxd1 Qxh4+ 34.Kg1 Qxe7 35.Bb3 Qe3+ 36.Kh1
Qxf4 37.Qd3 Qc1+ 38.Kh2 Qf4+ 39.Kh3 Qf6 40.Qe3 Qf5+ 41.g4 Qf1+ 42.Kg3 Qf6 43.Qc5
Rd8 44.Qe3 Rf8 45.Qc5 Rxf7 46.Bxf7 Qxf7 47.Qxc3 Qxa2 48.g5 Qe6 49.gxh6 Qg6+
50.Kh3 Qxh6+ 51.Kg2 Qg5+ 52.Kh3 a5 53.Qc8+ Kh7 54.Qc2+ Kh6 55.Qc8 Qe3+ 56.Kg4
Qd4+ 57.Kh3 a4 58.Qh8+ Kg5 0-1

[Event "CAMPEONATO DE ESPAÑA ABSOLUTO"]
[Site "EL SAUZAL - TENERIFE - ISLAS CANARIAS"]
[Date "2010.09.07"]
[Round "4"]
[Board "3"]
[White "Franco Alonso, Alejandro"]
[Black "Magem Badals, Jordi"]
[Result "1/2-1/2"]
[WhiteElo "2490"]
[BlackElo "2589"]
[PlyCount "26"]
[EventDate "2010.09.04"]
[EventRounds "9"]
[EventCountry "ESP"]

1.d4 Nf6 2.Nf3 d5 3.c4 c6 4.e3 Bg4 5.Nc3 e6 6.Qb3 Qc7 7.Bd2 Nbd7 8.Rc1 Qb8 9.h3
Bh5 10.Nh4 g5 11.Nf3 h6 12.cxd5 exd5 13.Bd3 Bd6 1/2-1/2

[Event "CAMPEONATO DE ESPAÑA ABSOLUTO"]
[Site "EL SAUZAL - TENERIFE - ISLAS CANARIAS"]
[Date "2010.09.07"]
[Round "4"]
[Board "4"]
[White "Herraiz Hidalgo, Herminio"]
[Black "Arizmendi Martinez, Julen Luis"]
[Result "1/2-1/2"]
[WhiteElo "2480"]
[BlackElo "2551"]
[PlyCount "75"]
[EventDate "2010.09.04"]
[EventRounds "9"]
[EventCountry "ESP"]

1.d4 d5 2.c4 c6 3.Nf3 Nf6 4.Qc2 dxc4 5.e4 b5 6.b3 cxb3 7.axb3 e6 8.Bd2 a5 9.Bd3
Be7 10.O-O Bb7 11.Rc1 h6 12.Qd1 b4 13.Qe2 Nbd7 14.Bf4 c5 15.Nbd2 O-O 16.Bb1 cxd4
17.e5 Nd5 18.Qe4 f5 19.exf6 N7xf6 20.Qxe6+ Kh8 21.Bg3 Ra6 22.Qe1 Nc3 23.Bd3 Rc6
24.Ne5 Nh5 25.Nxc6 Bxc6 26.Qe6 Qd5 27.Qxd5 Bxd5 28.Rxa5 Bg5 29.Rc2 Re8 30.Ra1
Ne2+ 31.Kh1 Nhf4 32.Bxf4 Nxf4 33.Bf1 d3 34.Rc5 Bf6 35.Rd1 Nh3 36.Rxd5 Nxf2+
37.Kg1 Nxd1 38.Rxd3 1/2-1/2

[Event "CAMPEONATO DE ESPAÑA ABSOLUTO"]
[Site "EL SAUZAL - TENERIFE - ISLAS CANARIAS"]
[Date "2010.09.07"]
[Round "4"]
[Board "5"]
[White "Arribas Lopez, Angel"]
[Black "Salgado Lopez, Ivan"]
[Result "1/2-1/2"]
[WhiteElo "2454"]
[BlackElo "2595"]
[PlyCount "92"]
[EventDate "2010.09.04"]
[EventRounds "9"]
[EventCountry "ESP"]

1.e4 c5 2.Ne2 Nf6 3.Nbc3 d6 4.d4 cxd4 5.Nxd4 a6 6.Be2 e5 7.Nb3 Be7 8.O-O O-O
9.Bf3 Nbd7 10.a4 Nb6 11.a5 Nc4 12.Qd3 Qc7 13.Be2 Be6 14.Rd1 Rac8 15.Qg3 Kh8
16.Bf1 Rfd8 17.Nd5 Nxd5 18.exd5 Bd7 19.Re1 f5 20.Ra2 Rf8 21.Qc3 Bf6 22.Qb4 Be8
23.Na1 e4 24.b3 Ne5 25.c4 Rd8 26.Be3 Qf7 27.Bb6 Rd7 28.Nc2 Qg6 29.Nd4 Bf7 30.Qd2
Bg5 31.Qc2 h5 32.b4 Rc8 33.Qb3 Bf6 34.Rc2 Qg4 35.Kh1 Re8 36.Rc3 Qg6 37.h3 Rde7
38.Rcc1 f4 39.c5 Ng4 40.cxd6 Nxf2+ 41.Kg1 e3 42.dxe7 Nxh3+ 43.Kh1 Nf2+ 44.Kg1
Qg3 45.Nf3 Nh3+ 46.Kh1 Nf2+ 1/2-1/2